| 000 -LEADER |
| fixed length control field |
00497cam a22001571 4500 |
| 040 ## - CATALOGING SOURCE |
| Transcribing agency |
ICU |
| 082 ## - DEWEY DECIMAL CLASSIFICATION NUMBER |
| Classification number |
655 PUB 1964 A106 Or. |
| 110 2# - MAIN ENTRY--CORPORATE NAME |
| Corporate name or jurisdiction name as entry element |
Conference of Biological Editors. |
| 245 10 - TITLE STATEMENT |
| Title |
Style manual for biological journals. |
| 250 ## - EDITION STATEMENT |
| Edition statement |
2d ed. |
| 260 ## - PUBLICATION, DISTRIBUTION, ETC. (IMPRINT) |
| Place of publication |
Washington, |
| Name of publisher |
Published for the Conference of Biological Editors by the American Institute of Biological Sciences |
| Year of publication |
[1964] |
| 300 ## - PHYSICAL DESCRIPTION |
| Number of Pages |
x, 117 p. |
| Other physical details |
illus. |
| Dimensions |
22 cm. |
| 650 #0 - SUBJECT ADDED ENTRY--TOPICAL TERM |
| Topical Term |
Printing |
| 650 #0 - SUBJECT ADDED ENTRY--TOPICAL TERM |
| Topical Term |
Technical writing |
| 942 ## - ADDED ENTRY ELEMENTS (KOHA) |
| Koha item type |
សៀវភៅភាសាអង់គ្លេស |
| 952 ## - LOCATION AND ITEM INFORMATION (KOHA) |
| Withdrawn status [LOCAL, KOHA] |
0 |